|
|
|
|
| LEADER |
00000cam a2200000 c 4500 |
| 001 |
172250323 |
| 003 |
DE-627 |
| 005 |
20251222203115.0 |
| 007 |
tu |
| 008 |
941130s1994 fr ||||| 00| ||fre c |
| 020 |
|
|
|a 2130449204
|9 2-13-044920-4
|
| 035 |
|
|
|a (DE-627)172250323
|
| 035 |
|
|
|a (DE-576)051816083
|
| 035 |
|
|
|a (DE-599)GBV172250323
|
| 035 |
|
|
|a (OCoLC)30410238
|
| 035 |
|
|
|a (OCoLC)30410238
|
| 040 |
|
|
|a DE-627
|b ger
|c DE-627
|e rakwb
|
| 041 |
|
|
|a fre
|
| 044 |
|
|
|c XA-FR
|
| 082 |
0 |
|
|a 392
|q OCLC
|
| 100 |
1 |
|
|a Lisón Tolosana, Carmelo
|d 1929-2020
|0 (DE-588)138003149
|0 (DE-627)598256482
|0 (DE-576)306127776
|4 aut
|
| 109 |
|
|
|a Lisón Tolosana, Carmelo 1929-2020
|a Tolosana, Carmelo 1929-2020
|a Lisón Tolosana, C. 1929-2020
|a Lisón-Tolosana, Carmelo 1929-2020
|a Tolosana, Carmelo Lisón 1929-2020
|a Lisón, Carmelo 1929-2020
|
| 240 |
1 |
0 |
|a Brujeria, estructura social y simbolismo en Galicia <franz.>
|
| 245 |
1 |
0 |
|a Sorcellerie, structure sociale et symbolisme en Galice
|c Carmelo Lisón Tolosana. Trad. de l'espagnol par Ricardo Saez
|
| 250 |
|
|
|a 1. éd
|
| 264 |
|
1 |
|a Paris
|b Presses univ. de France
|c 1994
|
| 300 |
|
|
|a 350 S
|b Ill
|c 24 cm
|
| 336 |
|
|
|a Text
|b txt
|2 rdacontent
|
| 337 |
|
|
|a ohne Hilfsmittel zu benutzen
|b n
|2 rdamedia
|
| 338 |
|
|
|a Band
|b nc
|2 rdacarrier
|
| 490 |
0 |
|
|a Collection "Ethnologies"
|
| 583 |
1 |
|
|a Archivierung prüfen
|c 20200919
|f DE-640
|z 1
|2 pdager
|
| 700 |
1 |
2 |
|a Lisón Tolosana, Carmelo
|d 1929-2020
|t Brujeria, estructura social y simbolismo en Galicia <franz.>
|
| 935 |
|
|
|i Blocktest
|
| 951 |
|
|
|a BO
|
| ELC |
|
|
|b 1
|
| LOK |
|
|
|0 000 xxxxxcx a22 zn 4500
|
| LOK |
|
|
|0 001 3117694153
|
| LOK |
|
|
|0 003 DE-627
|
| LOK |
|
|
|0 004 172250323
|
| LOK |
|
|
|0 005 19970731000000
|
| LOK |
|
|
|0 008 960503||||||||||||||||ger|||||||
|
| LOK |
|
|
|0 040
|a DE-21
|c DE-627
|d DE-21
|
| LOK |
|
|
|0 852
|a DE-21
|
| LOK |
|
|
|0 852 1
|c KB 19 A 4084
|9 00
|
| LOK |
|
|
|0 935
|a krim
|
| LOK |
|
|
|0 936ln
|a k7.3.1.5
|
| LOK |
|
|
|0 939
|a 03-05-96
|b l01
|
| ORI |
|
|
|a SA-MARC-krimdoka001.raw
|
| SIG |
|
|
|a UB: KB 19 A 4084
|